| 000 | 01532nam a2200361 a 4500 | ||
|---|---|---|---|
| 001 | 00002624 | ||
| 003 | DO-SdBNP | ||
| 005 | 20180312101444.0 | ||
| 007 | 00002624 | ||
| 008 | 150721s2014 dr 000 spa d | ||
| 020 | _a9789945118650 | ||
| 040 |
_aBPMSU _bspa _cBPMSU |
||
| 082 |
_a372.84 _bR382u, 1ro. 2014 |
||
| 245 | 0 | 0 |
_aReligión 1 : _beducación primaria / _cdirección editorial de Claudia Llibre ; ilustración Ruddy Núñez...[et al.] |
| 260 | 0 |
_aSanto Domingo : _bSantillana, _c2014. |
|
| 300 |
_a103 p. : _bil. ; _c28 cm. |
||
| 490 | 1 | _aProyecto todos juntos | |
| 505 |
_gv. 1: _tDios está aquí -- _tDios lo ha creado todo -- _tMaría es la madre de Jesús -- _tEl día que nació Jesús -- _tJesús hiso el bien -- _tLos amigos de Jesús -- _tHablamos con Dios -- _tJesús nos dio su vida -- _tJesús nos trae la paz -- _tSomos cristianos -- _tLa casa de Dios -- _tHoy es fiesta -- |
||
| 650 | 4 |
_aRELIGIÓN _xENSEÑANZA BÁSICA |
|
| 650 | 4 |
_aRELIGIÓN _xESTUDIOS Y EJERCÍCIOS |
|
| 650 | 4 |
_aRELIGIÓN _xLIBROS DE TEXTOS |
|
| 650 | 4 |
_aRELIGIÓN _xEDUCACIÓN BÁSICA |
|
| 650 | 4 |
_aEDUCACIÓN PRIMARIA _xREPÚBLICA DOMINICANA |
|
| 700 | 1 | 2 |
_aLlibre, Claudia, _eed. |
| 700 | 1 | 2 |
_aNúñez, Ruddy, _eil. |
| 830 | 0 | _pProyecto todos juntos | |
| 910 | _aValidado. Control de calidad MFF | ||
| 942 |
_2ddc _cBK |
||
| 945 | _aRemanejado para BNPHU / 2018 BT | ||
| 956 |
_aDGARCIA _b10 _c20150721 _lBND01 _h0914 |
||
| 956 |
_aVMATEO _b10 _c20150721 _lBPMSU _h00151 |
||
| 956 |
_aLOPEREZ _b10 _c20160414 _lBPMSU _h00041 |
||
| 999 |
_c7981 _d7981 |
||